Lifelines intermediate student's book

Enregistré dans:
Détails bibliographiques
Auteur principal: Hutchinson, Tom
Format: Livre
Langue:English
Publié: Oxford Oxford University Press 1997
Sujets:
Tags: Ajouter un tag
Pas de tags, Soyez le premier à ajouter un tag!
Thư viện lưu trữ: Trung tâm Học liệu Lê Vũ Hùng, Trường Đại học Đồng Tháp
LEADER 00852pam a22002898a 4500
001 00025956
005 20171026081023.0
008 110812s1997 ||||||engsd
041 0 # |a eng 
082 1 4 |a 428  |b L301 
100 1 # |a Hutchinson, Tom 
245 1 0 |a Lifelines  |b intermediate student's book  |c Tom Hutchinson 
260 # # |a Oxford  |b Oxford University Press  |c 1997 
300 # # |a 176 p.  |b ill.  |c 27 cm. 
650 # 4 |a Bài tập 
650 # 4 |a Giáo trình 
650 # 4 |a Tiếng anh 
650 # 4 |a Kỹ năng đọc 
650 # 4 |a Kỹ năng nói 
650 # 4 |a Kỹ năng nghe hiểu 
852 # # |j KGT.0027953 
852 # # |b Kho mượn  |j KGT.0027953 
852 # # |b Kho giáo trình  |j KGT.0027953 
910 0 # |d 12/08/2011 
980 # # |a Trung tâm Học liệu Lê Vũ Hùng, Trường Đại học Đồng Tháp